Speaking out : Urban planning and transportion

Uloženo v:
Podrobná bibliografie
Médium: Kniha
Jazyk:Undetermined
Vydáno: Tokyo Toyota Motor Corporation
Témata:
Tagy: Přidat tag
Žádné tagy, Buďte první, kdo otaguje tento záznam!
Thư viện lưu trữ: Trung tâm Học liệu Trường Đại học Cần Thơ
LEADER 00435nam a2200157Ia 4500
001 CTU_97459
008 210402s9999 xx 000 0 und d
082 |a 388.4 
082 |b S741 
245 0 |a Speaking out : 
245 0 |b Urban planning and transportion 
260 |a Tokyo 
260 |b Toyota Motor Corporation 
650 |a Urban transportation policy 
904 |i Giang 
980 |a Trung tâm Học liệu Trường Đại học Cần Thơ